General Knowledge MCQ #9 - Statistics

General Stats
  • This quiz has been taken 23 times
  • The average score is 7 of 15
Answer Stats
Question Answer % Correct
Which boxing legend original name goes like this : Cassius Marcellus Clay, Jr B. Muhammad Ali
90%
Which English poet commonly referred to as “the Bard” or “the Poet,” titles that speaks to his stature in English literature. D. William Shakespeare
90%
Sir Walter Raleigh freed after 13 years of imprisonment in 1616 from C. Tower of London
81%
Which country boasts the most number of UNESCO World Heritage Site in the world? C. Italy
67%
How many prisoners were inside the Bastille when it was stormed during the French Revolution. A. 7
48%
This vegetable Orchestra holds the Guinness World record for most concerts belongs to this country A. Austria
48%
Which of the following country is known as " Cockpit of Europe". B. Belgium
48%
In 1981 this became the last country in the world to abolish slavery legally C. Mauritania
48%
German alchemist Hennig Brand discovered this element while attempting to extract gold from urine through distillation. C. Phosphorus
48%
Which among the following terms means growing of fruits? C. Pomiculture
48%
This country became the first in the world to launch Central Bank Digital Currency ( CBDC) in 2020 B. Bahamas
38%
" Rumble in the Jungle " heavyweight boxing match , between then heavyweight champion George Foreman and Muhammad Ali held in D. Zaire
33%
The Fastest Family or famously known as Dibasa Sisters on the Planet with Over 300 Medals comes from this country A. Ethiopia
19%
In 1781, William Herschel sees what he thinks is a "comet" but actually discovers the planet D. Uranus
19%
Which one country is not a member of the European Free Trade Association ( EFTA) D. Sweden
5%
No matching quizzes found
Score Distribution
Percent of People with Each Score
Percentile by Number Answered
Your Score History
You have not taken this quiz